| 000 | 00916pam a2200277 a 4500 | ||
|---|---|---|---|
| 001 | 1163183 | ||
| 003 | OSt | ||
| 005 | 20220128075814.0 | ||
| 008 | 961202s1998 njua b 001 0 eng | ||
| 010 | _a 96029675 | ||
| 020 | _a0135763568 | ||
| 040 |
_aMMU _cMMU _dMMU _beng |
||
| 050 | 0 | 0 |
_aTL570 _b.B42 1998 |
| 082 | 0 | 0 |
_a629.132/3 _221 |
| 100 | 1 |
_aBertin, John J., _d1938- |
|
| 245 | 1 | 0 |
_aAerodynamics for engineers / _cJohn J. Bertin, Michael L. Smith. |
| 250 | _a3rd ed. | ||
| 260 |
_aUpper Saddle River, N.J. : _bPrentice Hall, _cc1998. |
||
| 300 |
_axviii, 668 p. : _bill. ; _c25 cm. |
||
| 504 | _aIncludes bibliographical references and index. | ||
| 650 | 0 | _aAerodynamics. | |
| 700 | 1 |
_aSmith, Michael L., _d1943- |
|
| 906 |
_a7 _bcbc _corignew _d1 _eocip _f19 _gy-gencatlg |
||
| 942 |
_2lcc _cLOAN LOAN |
||
| 999 |
_c16954 _d16954 |
||